|
|
|
|
| LEADER |
00000nam0a2200000 4500 |
| 001 |
145344 |
| 005 |
20231031144030.0 |
| 035 |
|
|
|a (RuTPU)RU\TPU\book\157547
|
| 090 |
|
|
|a 145344
|
| 100 |
|
|
|a 20081016d1954 m y0rusy50 ca
|
| 101 |
0 |
|
|a rus
|
| 102 |
|
|
|a RU
|
| 105 |
|
|
|a a j 001zy
|
| 200 |
1 |
|
|a Производство и ремонт штампов и приспособлений
|e учебник
|f В. Н. Федоров, А. В. Федоров
|
| 210 |
|
|
|a Москва
|c Трудрезервиздат
|d 1954
|
| 215 |
|
|
|a 216 с.
|c ил.
|
| 610 |
1 |
|
|a штампы
|
| 610 |
1 |
|
|a приспособления
|
| 610 |
1 |
|
|a производство
|
| 610 |
1 |
|
|a ремонт
|
| 675 |
|
|
|a 621.735.073
|v 3
|
| 700 |
|
1 |
|a Федоров
|b В. Н.
|
| 701 |
|
1 |
|a Федоров
|b А. В.
|
| 801 |
|
1 |
|a RU
|b 63413507
|c 20081016
|g PSBO
|
| 801 |
|
2 |
|a RU
|b 63413507
|c 20090226
|g PSBO
|
| 942 |
|
|
|c BK
|